| 000 | 01071nam a22003137a 4500 | ||
|---|---|---|---|
| 003 | EG-ScBUE | ||
| 005 | 20220124144216.0 | ||
| 008 | 091214s1986 enka j 000 1 eng d | ||
| 020 | _a0140350624 | ||
| 020 | _a9780140350623 | ||
| 040 |
_aEG-ScBUE _beng _erda _cEG-ScBUE _dEG-ScBUE |
||
| 082 | 0 | 4 |
_a823.8 _bNES _222 |
| 100 | 1 |
_99901 _aNesbit, E. _d1858-1924. _q(Edith), _eeditor. |
|
| 245 | 1 | 4 |
_aThe phoenix and the carpet / _cE. Nesbit ; with illustrations by H. R. Millar. |
| 264 | 1 |
_aLondon ; _aNew York : _bPuffin Books, _c1986. |
|
| 300 |
_a250 pages : _billustrations ; _c18 cm. |
||
| 336 |
_2rdacontent _atext _btxt |
||
| 337 |
_2rdamedia _aunmediated _bn |
||
| 338 |
_2rdacarrier _avolume _bnc |
||
| 490 | 0 | _aPuffin classics | |
| 650 | 7 |
_aPhoenix (Mythical bird) _vJuvenile fiction. _2BUEsh |
|
| 650 | 7 |
_aMagic _vJuvenile fiction. _2BUEsh |
|
| 650 | 7 |
_aBrothers and sisters _vJuvenile fiction. _2BUEsh |
|
| 651 | _2BUEsh | ||
| 653 |
_bHHUUEENN _cJanuary2021 |
||
| 655 |
_vReading book _934232 |
||
| 700 | 1 |
_99902 _aMillar, H. R., _eillustrator. |
|
| 942 |
_2ddc _cBB |
||
| 999 |
_c13029 _d13029 |
||